000 00449nam a2200181Ia 4500
001 9200
005 20260306160706.0
008 260306t2007||||xx |||||||||||||| ||spa||
041 _aESP
082 _a375.001
_bR22
100 _aRamírez Apáez, Marissa
_eAUT
245 0 _aGuía para el desarrollo de competencias docentes
260 _c2007
300 _a67 páginas :
_c27 cm.
650 _aGEN
654 _aCED
942 _cLIB
_dJUS
_fJUS
_2ddc
_n
999 _c9200
_d9200